Familia, riqueza y poder (Record no. 865)
[ view plain ]
| 000 -CABECERA | |
|---|---|
| campo de control de longitud fija | 00937nam a2200229 a 4500 |
| 001 - NÚMERO DE CONTROL | |
| campo de control | BRCA_981 |
| 005 - FECHA Y HORA DE LA ÚLTIMA TRANSACCIÓN | |
| campo de control | 20190320203230.0 |
| 008 - DATOS DE LONGITUD FIJA--INFORMACIÓN GENERAL | |
| campo de control de longitud fija | 950803s1994 mx-a---##b---#000-0#spa-d |
| 020 ## - NÚMERO INTERNACIONAL ESTÁNDAR DEL LIBRO | |
| Número Internacional Estándar del Libro | 9684962754 |
| 050 #4 - SIGNATURA TOPOGRÁFICA DE LA BIBLIOTECA DEL CONGRESO | |
| Número de clasificación | HN120.M4 |
| Número de documento/Ítem | .A78 1994 |
| 100 1# - ENTRADA PRINCIPAL--NOMBRE DE PERSONA | |
| Nombre de persona | Artís Espriu, Gloria |
| 9 (RLIN) | 3228 |
| 245 10 - MENCIÓN DE TÍTULO | |
| Título | Familia, riqueza y poder |
| Resto del título | un estudio genealógico de la oligarquía novohispana |
| Mención de responsabilidad, etc. | Gloria Artís Espriu. |
| 260 ## - PUBLICACIÓN, DISTRIBUCIÓN, ETC. | |
| Lugar de publicación, distribución, etc. | México |
| Nombre del editor, distribuidor, etc. | Centro de Investigaciones y Estudios Superiores en Antropología Social |
| Fecha de publicación, distribución, etc. | 1994 |
| 300 ## - DESCRIPCIÓN FÍSICA | |
| Extensión | 157 p. |
| Otras características físicas | il. |
| Dimensiones | 21 cm. |
| 440 #0 - MENCIÓN DE SERIE/PUNTO DE ACCESO ADICIONAL--TÍTULO | |
| Título | Colección Miguel Othón de Mendizábal |
| 9 (RLIN) | 3229 |
| 504 ## - NOTA DE BIBLIOGRAFÍA, ETC. | |
| Nota de bibliografía, etc. | Bibliografía: p. 153-157 |
| 650 14 - PUNTO DE ACCESO ADICIONAL DE MATERIA--TÉRMINO DE MATERIA | |
| Término de materia o nombre geográfico como elemento de entrada | Familias de clase alta |
| Subdivisión general | Historia |
| Subdivisión cronológica | Siglo XVIII |
| Subdivisión geográfica | México |
| 9 (RLIN) | 3230 |
| 650 14 - PUNTO DE ACCESO ADICIONAL DE MATERIA--TÉRMINO DE MATERIA | |
| Término de materia o nombre geográfico como elemento de entrada | Élite (Ciencias sociales) |
| Subdivisión general | Historia |
| Subdivisión cronológica | Siglo XVIII |
| Subdivisión geográfica | México |
| 9 (RLIN) | 3231 |
| 650 14 - PUNTO DE ACCESO ADICIONAL DE MATERIA--TÉRMINO DE MATERIA | |
| Término de materia o nombre geográfico como elemento de entrada | Molinos de harina |
| Subdivisión general | Aspectos sociales |
| Subdivisión cronológica | Siglo XVIII |
| Subdivisión geográfica | México |
| 9 (RLIN) | 3232 |
| 651 #4 - PUNTO DE ACCESO ADICIONAL DE MATERIA--NOMBRE GEOGRÁFICO | |
| Nombre geográfico | México (Ciudad) |
| Subdivisión general | Genealogía |
| 9 (RLIN) | 3233 |
| 942 ## - ELEMENTOS DE PUNTO DE ACCESO ADICIONAL (KOHA) | |
| Fuente del sistema de clasificación o colocación | Library of Congress Classification |
| Tipo de ítem Koha | Libros |
| Estado de retiro | Estado de pérdida | Estado dañado | No para préstamo | Localización permanente | Ubicación/localización actual | Fecha de adquisición | Total de préstamos | Signatura topográfica completa | Código de barras | Fecha visto por última vez | Precio válido a partir de | Tipo de ítem Koha |
|---|---|---|---|---|---|---|---|---|---|---|---|---|
| El ejemplar forma parte de la colección y puede ser consultado según las políticas vigentes. | Biblioteca del Museo Franz Mayer (Rogerio Casas-Alatriste) | Biblioteca del Museo Franz Mayer (Rogerio Casas-Alatriste) | 26/06/2008 | HN120.M4 .A78 1994 | 01471 | 22/03/2019 | 22/03/2019 | Libros |